01003cam a2200277 a 450000100100000000500170001000800410002702000150006804000220008304100380010508200180014310000330016124000370019424500840023126000330031530000210034849000320036953400450040165000280044665000310047483000380050591000340054304900090057795201220058699900170070800001404720200929163442.0940624s1994 sp 000 1 spa  a8420481300 aDO-SdBNPbspacLC17aspahgag2Código de idioma MARC a863.64bR618s1 aRivas, Manuel,d1957-92274510aEn salvaxe compaña.lEspañol10aEn salvaje compañía /cManuel Rivas ; traducción al castellano del autor. aMadrid :bSantillana,c1994. a193 p. ;c22 cm.1 aAlfaguara Hispánica,v117 pTítulo original:tEn salvaxe compaña 4aNovela española91123 4aLiteratura española9632 0aAlfaguara Hispánica,v11794764 aCatalogación por copia / LC aBNGR 001052708MOaGRbGRcCTd2009-12-02iLF1l0o863.64 R618sp14047-10r2020-06-25w2020-06-25y2ZPréstamo interno c13649d13649